Farm power and machinery management (Record no. 8744)

000 -LEADER
fixed length control field 00220nam a22001097a 4500
040 ## - CATALOGING SOURCE
Transcribing agency SK
082 ## - DEWEY DECIMAL CLASSIFICATION NUMBER
Classification number 613
100 ## - MAIN ENTRY--AUTHOR NAME
Personal name HUNT DONNELL
245 ## - TITLE STATEMENT
Title Farm power and machinery management
260 ## - PUBLICATION, DISTRIBUTION, ETC. (IMPRINT)
Place of publication NA
Name of publisher HUN
Year of publication NA
942 ## - ADDED ENTRY ELEMENTS (KOHA)
Koha item type សៀវភៅភាសាអង់គ្លេស
952 ## - LOCATION AND ITEM INFORMATION (KOHA)
Withdrawn status [LOCAL, KOHA] 0
952 ## - LOCATION AND ITEM INFORMATION (KOHA)
Withdrawn status [LOCAL, KOHA] 0
Holdings
Permanent Location Date acquired Koha item type Lost status Shelving location Barcode Current Location Full call number
Library Block C2016-08-11សៀវភៅភាសាអង់គ្លេស C234RUA046084Library Block C613 HUN NA C234
Library Block C2016-08-11សៀវភៅភាសាអង់គ្លេស C234RUA045306Library Block C613 HUN NA C234
មជ្ឈមណ្ឌលឯការនៃសាកលវិទ្យាល័យភូមិន្ទកសិកម្មចំការដូង

Powered by Koha